|
|
|
|
| LEADER |
00000nab a2200000 a 4500 |
| 001 |
vtls000648350 |
| 003 |
SK-MaSNL |
| 005 |
20260304100523.0 |
| 008 |
250425c1998 xo | | b 0b slo |
| 015 |
|
|
|a SNBRA1998/04-08602
|
| 035 |
|
|
|a CLN000000546
|
| 035 |
|
|
|a urn:nbn:sk:snk-abbre4
|
| 035 |
|
|
|a (urnnbn)urn:nbn:sk:snk:ar-00744a
|
| 035 |
|
|
|a (uuid)52fd5592-7c14-4a4b-818e-c17d728ccf9e
|
| 040 |
|
|
|a SNKBUCL
|b slo
|c SNKBUCL
|e AACR2
|
| 041 |
0 |
|
|a slo
|
| 044 |
|
|
|a xo
|c SK
|
| 080 |
|
|
|a 801.311/.313:808.54
|2 1997
|
| 080 |
|
|
|a 808.54-31
|2 1997
|
| 100 |
1 |
|
|a Majtán, Milan,
|d 1934-2018
|4 aut
|9 101907
|
| 245 |
1 |
0 |
|a Kompozitné štruktúry v slovenskej onymii
|c Milan Majtán
|
| 504 |
|
|
|a Bibliogr. odkazy
|
| 546 |
|
|
|a Res. angl.
|
| 650 |
0 |
7 |
|a slovenčina
|2 SNKPH
|9 1350
|
| 650 |
0 |
7 |
|a onomastika
|2 snkbucl
|9 23494
|
| 650 |
0 |
7 |
|a zložené slová
|2 snkbucl
|9 26778
|
| 655 |
|
7 |
|a štúdie
|2 snkbucl
|9 57033
|
| 773 |
0 |
|
|t Slovenská reč
|g Roč. 63, č. 1 (1998), s. 13-24
|
| 850 |
|
|
|a Slovenská národná knižnica
|
| 852 |
|
|
|a Slovenská národná knižnica
|
| 954 |
|
|
|a odborná, vedecká literatúra pôvodná (slovenská)
|2 lita
|
| 958 |
|
|
|a article15
|
| 958 |
|
|
|a SK
|
| 958 |
|
|
|a NB
|
| 958 |
|
|
|a OND
|
| 958 |
|
|
|a EUIPO
|
| 999 |
|
|
|c 2838245
|d 2840175
|